Bridging the Digital Divide: Examining Technology Access in Rural Areas
Saved in:
| Main Author: | |
|---|---|
| Other Authors: | |
| Format: | Manuscript Book |
| Language: | Slovak English |
| Published: |
2025
|
| Subjects: | |
| Online Access: | http://is.stuba.sk/zp/portal_zp.pl?podrobnosti=175333 |
| Tags: |
No Tags, Be the first to tag this record!
|
MARC
| LEADER | 00000ntm a22000003a 4500 | ||
|---|---|---|---|
| 001 | stuzp102819 | ||
| 003 | SK-STU | ||
| 005 | 20250614211457.0 | ||
| 007 | ta | ||
| 008 | 150427s2015----xo-----f-mn---000-0-slo-d | ||
| 040 | |a STU |b slo | ||
| 041 | 0 | |a eng | |
| 100 | 1 | |a Mojto, Dominik |u 070200 |4 aut |U FIIT Fakulta informatiky a informačných technológií |T FIIT Ústav informatiky, informačných systémov a softvérového inžinierstva |X 120855 |U I200 |Y 179 |7 120855 | |
| 242 | 0 | 1 | |a Prekonávanie Digitálnej Priepasti: Skúmanie Prístupu k Technológiám vo Vidieckych Oblastiach |y slo |
| 245 | 1 | 0 | |a Bridging the Digital Divide: Examining Technology Access in Rural Areas |
| 260 | |c 2025 | ||
| 650 | 4 | |a digital inclusion |2 eng | |
| 650 | 4 | |a web application |2 eng | |
| 650 | 4 | |a digital divide |2 eng | |
| 650 | 4 | |a webová aplikácia |2 slo | |
| 650 | 4 | |a digitálna inklúzia |2 slo | |
| 650 | 4 | |a digitálna priepasť |2 slo | |
| 700 | 1 | |a Momand, Mohammad Yusuf |u 070200 |k Z3 |4 ths |U FIIT Fakulta informatiky a informačných technológií |T FIIT Ústav informatiky, informačných systémov a softvérového inžinierstva |X 118059 |U I200 |Y 179 |7 118059 | |
| 856 | 4 | |u http://is.stuba.sk/zp/portal_zp.pl?podrobnosti=175333 | |